Árvíz a Móravárosban a napokig tartó eső elöntötte az utcákat és lehetetlenné tette a közlekedést : autós expedíció a víz alá merült városrészben

Elmentve itt :
Bibliográfiai részletek
Dokumentumtípus: Cikk
Megjelent: 1937-03-03
Sorozat:Délmagyarország 13 No. 50
Kulcsszavak:Árvíz Móraváros (Szeged)
Online Access:http://dmarchiv.bibl.u-szeged.hu/49574
LEADER 00555nab a2200145 i 4500
001 delm49574
005 20180927134842.0
008 180927s1937 hu o 0|| hun d
040 |a SZTE Délmagyarország Archívum  |b hun 
041 |a hun 
245 0 0 |a Árvíz a Móravárosban   |h [elektronikus dokumentum] :  |b a napokig tartó eső elöntötte az utcákat és lehetetlenné tette a közlekedést : autós expedíció a víz alá merült városrészben 
260 |c 1937-03-03 
300 |a 3-4 
490 0 |a Délmagyarország  |v 13 No. 50 
695 |a Árvíz Móraváros (Szeged)